| 000 | 00619nam a2200205Ia 4500 | ||
|---|---|---|---|
| 008 | 240729s9999 xx 000 0 und d | ||
| 022 | _a2524-8162 | ||
| 245 | 0 | _aUrban Transformations | |
| 260 | _aUnited Kingdom | ||
| 260 | _bBMC | ||
| 650 | _a Aesthetics of cities. City planning and beautifying | Geography. Anthropology. Recreation | ||
| 650 | _a Architecture | ||
| 650 | _a Cities. Urban geography | ||
| 650 | _a Human ecology. Anthropogeography | ||
| 650 | _a Settlements | ||
| 650 | _aFine Arts | ||
| 856 | _uhttps://doaj.org/toc/580a9ca0603d4915bf617676a12f8388 | ||
| 942 | _2ddc | ||
| 942 | _cDOAJEJ | ||
| 999 |
_c74414 _d74414 |
||
| 945 |
_a1 _bMadushi Gamage _c1 _dMadushi Gamage |
||